Предсказание уровней поддержки и сопротивления цен на фондовом рынке при помощи LSTM; Перспективы развития фундаментальных наук; Т. 7 : IT-технологии и электроника
| Parent link: | Курзина, И. А. (химик ; 1972-). Перспективы развития фундаментальных наук=Prospects of Fundamental Sciences Development: сборник научных трудов XX Международной конференции студентов, аспирантов и молодых ученых, г. Томск, 25-28 апреля 2023 г..— .— Томск: Изд-во ТПУ, 2023 Т. 7 : IT-технологии и электроника.— 2023.— С. 148-150 |
|---|---|
| Hovedforfatter: | |
| Institution som forfatter: | |
| Andre forfattere: | |
| Summary: | Заглавие с экрана In this study, an LSTM-classifier for stock market support and resistance levels predictions is trained on high-frequency best bid and ask price data Текстовый файл |
| Sprog: | russisk |
| Udgivet: |
2023
|
| Fag: | |
| Online adgang: | http://earchive.tpu.ru/handle/11683/80858 |
| Format: | MixedMaterials Electronisk Book Chapter |
| KOHA link: | https://koha.lib.tpu.ru/cgi-bin/koha/opac-detail.pl?biblionumber=675434 |
MARC
| LEADER | 00000naa2a2200000 4500 | ||
|---|---|---|---|
| 001 | 675434 | ||
| 005 | 20241105134622.0 | ||
| 090 | |a 675434 | ||
| 100 | |a 20241013d2023 k||y0rusy50 ca | ||
| 101 | 0 | |a rus | |
| 102 | |a RU | ||
| 135 | |a drcn ---uucaa | ||
| 200 | 1 | |a Предсказание уровней поддержки и сопротивления цен на фондовом рынке при помощи LSTM |f М. А. Хайров |g науч. рук. В. Г. Спицын ; Национальный исследовательский Томский политехнический университет |d Support and resistance levels predictions for stock market with LSTM |z eng | |
| 300 | |a Заглавие с экрана | ||
| 320 | |a Библиография: с. 150 | ||
| 330 | |a In this study, an LSTM-classifier for stock market support and resistance levels predictions is trained on high-frequency best bid and ask price data | ||
| 336 | |a Текстовый файл | ||
| 461 | 1 | |0 636133 |t Перспективы развития фундаментальных наук |l Prospects of Fundamental Sciences Development |o сборник научных трудов XX Международной конференции студентов, аспирантов и молодых ученых, г. Томск, 25-28 апреля 2023 г. |d 2023 |9 636133 |a Курзина, И. А. (химик ; 1972-) |c Томск |n Изд-во ТПУ | |
| 463 | 1 | |0 636139 |t Т. 7 : IT-технологии и электроника |v С. 148-150 |d 2023 |9 636139 |p 1 файл (28,7 MB, 175 с.) |u conference_tpu-2023-C21_V7.pdf |l Vol. 7 : IT-technologies and Electronics | |
| 610 | 1 | |a труды учёных ТПУ | |
| 610 | 1 | |a электронный ресурс | |
| 610 | 1 | |a фондовый рынок | |
| 610 | 1 | |a модель глубокого обучения | |
| 610 | 1 | |a активы | |
| 610 | 1 | |a торги | |
| 610 | 1 | |a цены | |
| 610 | 1 | |a продажи | |
| 700 | 1 | |a Хайров |b М. А. | |
| 702 | 1 | |a Спицын |b В. Г. |c специалист в области информатики и вычислительной техники |c профессор Томского политехнического университета, доктор технических наук |f 1948- |g Владимир Григорьевич |4 727 | |
| 712 | 0 | 2 | |a Национальный исследовательский Томский политехнический университет |c (2009- ) |9 26305 |
| 801 | 0 | |a RU |b 63413507 |c 20241013 |g RCR | |
| 856 | 4 | |u http://earchive.tpu.ru/handle/11683/80858 |z http://earchive.tpu.ru/handle/11683/80858 | |
| 942 | |c CF | ||